50 Meilleurs Pokémon Over Use entre 2014 et 2024 - Statistiques

Statistiques générales
  • Ce quiz a été pris 1 221 fois
  • Le résultat moyen est 25 sur 50
Statistiques - réponses
Type n°1 Nom du Pokémon
% Max
Pokémon
X/Y
% Max
Pokémon
S/L
% Max
Pokémon
E/B
% Max
Pokémon
E/V
Total % Correct
Fée Mélodelfe 22,57 24,52 56,53 19,3 122,92
91%
Sol Démétéros Totémique 37,62 54,17 60,04 21,95 173,78
90%
Feu Heatran 25,85 23,84 29,15 12,47 91,31
87%
Poison Prédastérie / 32,55 33,62 15,25 81,42
84%
Dragon Carchacrok 30,26 14,26 22,62 13,56 80,7
83%
Dragon Lanssorien / / 41,57 25,81 67,38
81%
Plante Noacier 20,13 26,21 32,74 / 79,08
79%
Vol Corvaillus / / 43,32 19,56 62,88
77%
Dragon Dracolosse 13,41 5,47 15,54 26,21 60,63
75%
Sol Fort-Ivoire / / / 57,6 57,6
75%
Electrik Electhor 9,24 19,46 19,69 23,76 72,15
72%
Normal Leveinard 16,8 20,22 23,94 / 60,96
71%
Acier Magearna / 31,74 40,02 9,99 81,75
71%
Eau Amphinobi 25,03 33,47 / 11,35 69,85
66%
Psy Tokopiyon / 36,58 15,55 / 52,13
65%
Feu Pyrobut / / 34,58 15,53 50,11
64%
Ténèbres Scalpereur / / / 48,6 48,6
64%
Acier Airmure 17,17 15,31 14,49 10,66 57,63
62%
Vol Boréas Totémique 19,98 21,88 20,63 / 62,49
60%
Sol Minotaupe 27,12 16,06 28,29 / 71,47
60%
Insecte Cizayox 18,39 12,66 8,62 6,42 46,09
58%
Plante Gorythmic / / 26,98 20,16 47,14
58%
Acier Gromago / / / 48,5 48,5
53%
Electrik Tokorico / 25,19 18,62 / 43,81
53%
Roche Tyranocif 17,11 11,94 11,2 / 40,25
53%
Ténèbres Dimoret 10,6 / 28,6 10,19 49,39
49%
Eau Tokopisco / 26,02 20,33 / 46,35
49%
Electrik Motisma Lavage 20,89 13,33 11,43 20,7 66,35
46%
Plante Katagami / 24,01 23,12 / 47,13
45%
Insecte Pyrax / 6,28 17,02 19,68 42,98
45%
Sol Scorvol 8,41 14,52 / 25,63 48,56
43%
Ténèbres Scalproie 23,24 6,67 17,71 / 47,62
39%
Electrik Magnezone 13,22 26,09 11,23 / 50,54
36%
Insecte Cancrelove / 25,5 19,8 / 44,3
34%
Combat Zamazenta / / 22,36 29,63 51,99
34%
Sol Hippodocus 13,26 7,08 25,68 / 46,02
33%
Dragon Latios 23,13 11,09 7,83 / 42,05
32%
Glace Mammochon 9,71 34,03 / / 43,74
29%
Acier Métalosse 14,31 35,44 / / 49,75
28%
Poison Roigada Galar / / 16,46 21,72 38,18
27%
Plante Bouldeneu 5,96 16,15 13,71 / 35,82
26%
Plante Gaulet 8,1 7,12 14,76 11,34 41,32
21%
Ténèbres Vaututrice / 13,61 33,57 6,73 53,91
21%
Acier Exagide / 24,85 24,55 / 49,4
20%
Eau Keldeo 24,66 12,63 7,03 / 44,32
20%
Dragon Zygarde / 25,23 22,1 / 47,33
18%
Eau Azumarill 17,16 / 13,64 12,48 43,28
17%
Ténèbres Trioxhydre / / 30,13 7,01 37,14
15%
Eau Manaphy 19,21 7,47 / 9,9 36,58
12%
Feu Ossatueur Alola / 27,73 12,03 / 39,76
9%
Aucun quiz correspondant
Distribution des résultats
% des personnes avec chaque résultat
Percentile par nombre de réponses
Votre historique - résultats
Vous n’avez pas pris ce quiz